000 01107nam a22002657a 4500
999 _c20512
_d20512
005 20191023053802.0
008 191023b xxu||||| |||| 00| 0 spa d
020 _a9789589244821
040 _aCO-BoIAVH
_cCO-BoIAVH
041 _aspa
044 _ack
082 _a330.9
_bG18
100 _aGarnica Berrocal, Rosana
_cAutor
245 1 3 _aEl espacio regional de magangué(Bolívar), en el contexto del sur de Bolívar, la mojana y la depresión momposina, en el caribe colombiano.
260 _aMontería:
_bAlpha Group; Universidad de Córdoba - Facultad de ciencias básicas, departamento de geografía y medio ambiente.
_c2018.
300 _a142 Páginas:
_bmapas y fotografías,
_c24 x 17 cm.
650 0 _aDesarrollo regional
650 0 _aPoblación rural
_zMagangué
650 0 _aPoblación urbana
_zMagangué
651 0 _aColombia
_zMagangué(Bolívar)
700 _aGodoy Gutiérrez, Rubén Darío
_cAutor
700 _aMass Villadiego, Marelbys
_dAutor
700 _aBuelvas Pacheco, Andrés
_dAutor
942 _2ddc
_cLIBRO